| 000 | 004940000a22001810004500 | ||
|---|---|---|---|
| 003 | MACL | ||
| 005 | 20160301164639.0 | ||
| 008 | 160301b xxu||||| |||| 00| 0 eng d | ||
| 040 |
_aMACL _cMACL |
||
| 041 | _aHindi | ||
| 082 | _a891.431 | ||
| 100 |
_aबलदुवा श्रीबालकृष्ण _941797 |
||
| 245 | _aऑगन | ||
| 260 |
_bगंगा ग्रंथागार _aलखनउ |
||
| 350 | _a2 | ||
| 650 |
_aPoetry _941798 |
||
| 942 |
_cHIN _k891.431 _2ddc |
||
| 999 |
_c24048 _d24048 |
||